[Event "LUX-chABC"]
[Site "Dudelange"]
[Date "1998.04.19"]
[Round "9.31"]
[White "Goncalves, Daniel"]
[Black "Nepper, Francois"]
[Result "0-1"]
[WhiteElo "1355"]
[BlackElo "1530"]
[PlyCount "28"]
[EventDate "1998.04.11"]
[EventType "swiss"]
[EventRounds "9"]
[EventCountry "LUX"]
[SourceTitle "EXT 2013"]
[Source "ChessBase"]
[SourceDate "2012.11.22"]
[SourceVersion "1"]
[SourceVersionDate "2012.11.22"]
[SourceQuality "1"]

1. e4 c5 2. Bc4 e6 3. Nc3 Ne7 4. Qf3 Nbc6 5. Nge2 a6 6. a3 g6 7. d3 Bg7 8. Bd2 h6 9. Be3 b6 10. Rd1 Ne5 11. Qg3 g5 12. d4 Nxc4 13. b3 Nxa3 14. dxc5 Nxc2+ 0-1

[Event "LUX-chABC"]
[Site "Dudelange"]
[Date "1998.04.18"]
[Round "8.28"]
[White "Muller, Guy"]
[Black "Goncalves, Daniel"]
[Result "1-0"]
[WhiteElo "1625"]
[BlackElo "1355"]
[PlyCount "53"]
[EventDate "1998.04.11"]
[EventType "swiss"]
[EventRounds "9"]
[EventCountry "LUX"]
[SourceTitle "EXT 2013"]
[Source "ChessBase"]
[SourceDate "2012.11.22"]
[SourceVersion "1"]
[SourceVersionDate "2012.11.22"]
[SourceQuality "1"]

1. f4 d5 2. Nf3 Bf5 3. d3 Nc6 4. Nbd2 Nf6 5. g3 e6 6. Bg2 Bb4 7. 0-0 Bc5+ 8. Kh1 Be3 9. Nb3 Ng4 10. Qe1 Bxc1 11. Rxc1 Ne3 12. Rf2 Nxg2 13. Rxg2 0-0 14. g4 Bxd3 15. exd3 Re8 16. Qg3 Qd6 17. d4 Re7 18. Ne5 f6 19. Nxc6 Qxc6 20. f5 Rae8 21. Rcg1 e5 22. Qh4 exd4 23. g5 Re2 24. Nxd4 R2e4 25. Qxe4 Rxe4 26. Nxc6 bxc6 27. gxf6 1-0

[Event "LUX-chABC"]
[Site "Dudelange"]
[Date "1998.04.14"]
[Round "4.25"]
[White "Biwer, Joel"]
[Black "Goncalves, Daniel"]
[Result "1-0"]
[WhiteElo "1755"]
[BlackElo "1355"]
[PlyCount "47"]
[EventDate "1998.04.11"]
[EventType "swiss"]
[EventRounds "9"]
[EventCountry "LUX"]
[SourceTitle "EXT 2013"]
[Source "ChessBase"]
[SourceDate "2012.11.22"]
[SourceVersion "1"]
[SourceVersionDate "2012.11.22"]
[SourceQuality "1"]

1. e4 e5 2. Nf3 Nc6 3. Bc4 Nf6 4. d3 a6 5. Bg5 Be7 6. c3 d5 7. Bxf6 dxc4 8. Bxe5 Nxe5 9. Nxe5 Be6 10. d4 c6 11. Qe2 0-0 12. 0-0 Qc7 13. Nxc4 b5 14. Ne3 Rad8 15. Nd2 Bg5 16. Rfd1 Qc8 17. Nf3 Bxe3 18. Qxe3 Bg4 19. Rd2 Bxf3 20. Qxf3 Qe6 21. Qe2 Rfe8 22. f3 Rd7 23. a3 f6 24. Rad1 1-0

[Event "LUX-chABC"]
[Site "Dudelange"]
[Date "1998.04.13"]
[Round "3.23"]
[White "Daubenfeld, Gilles"]
[Black "Goncalves, Daniel"]
[Result "1-0"]
[WhiteElo "1745"]
[BlackElo "1355"]
[PlyCount "35"]
[EventDate "1998.04.11"]
[EventType "swiss"]
[EventRounds "9"]
[EventCountry "LUX"]
[SourceTitle "EXT 2013"]
[Source "ChessBase"]
[SourceDate "2012.11.22"]
[SourceVersion "1"]
[SourceVersionDate "2012.11.22"]
[SourceQuality "1"]

1. e4 e5 2. Nf3 Nc6 3. Bb5 Nf6 4. 0-0 Nxe4 5. Re1 d5 6. d3 Nd6 7. Nxe5 Be7 8. Nxc6 bxc6 9. Bxc6+ Bd7 10. Bxa8 Qxa8 11. Qe2 Nf5 12. g4 0-0 13. gxf5 Bf6 14. Nc3 d4 15. Ne4 Bc6 16. Nxf6+ Kh8 17. Ne4 f6 18. Bf4 1-0

[Event "LUX-chABC"]
[Site "Dudelange"]
[Date "1998.04.11"]
[Round "1.35"]
[White "Goncalves, Daniel"]
[Black "Kohnen, Marc"]
[Result "0-1"]
[WhiteElo "1355"]
[BlackElo "1820"]
[PlyCount "72"]
[EventDate "1998.04.11"]
[EventType "swiss"]
[EventRounds "9"]
[EventCountry "LUX"]
[SourceTitle "EXT 2013"]
[Source "ChessBase"]
[SourceDate "2012.11.22"]
[SourceVersion "1"]
[SourceVersionDate "2012.11.22"]
[SourceQuality "1"]

1. e4 g6 2. g3 Bg7 3. Bg2 d6 4. d3 c5 5. c3 Nf6 6. Be3 0-0 7. Ne2 Bg4 8. d4 cxd4 9. Bxd4 Nc6 10. Qd2 Rc8 11. 0-0 e5 12. Be3 Na5 13. Na3 a6 14. Rad1 Qc7 15. f3 Be6 16. Qxd6 Qxd6 17. Rxd6 Bxa2 18. Bg5 Rc6 19. Rfd1 Nc4 20. Nxc4 Bxc4 21. Bf1 h6 22. Bxf6 Bxf6 23. Rxc6 bxc6 24. Nc1 Bxf1 25. Kxf1 Rb8 26. b3 Bg5 27. b4 Be3 28. Nd3 f6 29. Ke2 Bb6 30. h3 a5 31. bxa5 Bxa5 32. Kd2 Rb3 33. Kc2 Rxc3+ 34. Kd2 c5 35. Rc1 Ra3+ 36. Kd1 Rxd3+ 0-1

[Event "LUX-chABC"]
[Site "Dudelange"]
[Date "1997.04.04"]
[Round "7.43"]
[White "Nepper, Francois"]
[Black "Goncalves, Daniel"]
[Result "1-0"]
[WhiteElo "1465"]
[BlackElo "1425"]
[PlyCount "73"]
[EventDate "1997.03.29"]
[EventType "swiss"]
[EventRounds "9"]
[EventCountry "LUX"]
[SourceTitle "EXT 2013"]
[Source "ChessBase"]
[SourceDate "2012.11.22"]
[SourceVersion "1"]
[SourceVersionDate "2012.11.22"]
[SourceQuality "1"]

1. d4 Nf6 2. Nf3 e6 3. e3 d5 4. Bd3 b6 5. Nbd2 Bb7 6. c3 Qd7 7. 0-0 Be7 8. Re1 Ba6 9. c4 Bb4 10. Ne5 Qe7 11. a3 Bxd2 12. Bxd2 Bxc4 13. Bxc4 dxc4 14. Qa4+ Nbd7 15. Nc6 Qd6 16. Bb4 Qd5 17. Ne5 a5 18. e4 Qxd4 19. Bc3 Qc5 20. Qxc4 Qxc4 21. Nxc4 0-0 22. Rad1 Rad8 23. e5 Nd5 24. Bd2 h6 25. Re4 Nc5 26. Rd4 Nb3 27. Rd3 Nxd2 28. R1xd2 a4 29. Ne3 c6 30. Nc4 b5 31. Nb6 Rb8 32. Nd7 Nf4 33. Nxb8 Nxd3 34. Nxc6 Rc8 35. Ne7+ Kf8 36. Nxc8 Nxe5 37. Rd8# 1-0